000 00347nam a2200133 i 4500
001 bg
100 1 _aMILEWSKI, Jan
245 0 _aO zagadnieniach granicznych dla pewnej klasy równań różniczkowych /
_cJan Milewski.
260 _aKraków,
_c1981.
040 _cBPK
041 _apol
942 _cKS
008 s pl f |000 0 pol
999 _c20341
_d20341
856 _uhttp://koha.tu.koszalin.pl/cgi-bin/koha/opac-detail.pl?biblionumber=20341
_yKatalog online BPK